00812 a2200193 4500003000500000005001700005010001700022020001700039040000900056082001100065100002300076245006600099260003700165300003400202440004000236505027800276538003000554650003400584Nust20170207154118.0 a 86020060  a0070419205 : cNust00a005.431 aMilenkovic, Milan.10aOperating systems :bconcepts and design /cMilan Milenkovic. aNew York :bMcGraw-Hill,cc1987. axix, 568 p. :bill. ;c25 cm. 0aMcGraw-Hill computer science series aIntroduction (Page-1), Input/Output (Page-22), Processes (Page-70), Interprocesses Synchronization (Page-124), Interprocesses Comm. And Synchronization (Page-175), Memory Management (Page-228), File Management (Page-312), KMOS (Page-364), Implementation Of KMOS (Page-397). aAlmirah No. 7 Shelf No. 4 0aOperating systems (Computers)